| 000 | 01251nam a2200337 i 4500 | ||
|---|---|---|---|
| 001 | 30117 | ||
| 003 | Mx-PuUPA | ||
| 005 | 20250331121007.0 | ||
| 008 | 140415s2015 ck a gr 001 0 spa d | ||
| 020 | _a9789587711127 | ||
| 020 |
_a9789587710922 _qe-ISBN |
||
| 040 |
_cMx-PuUPA _aMx-PuUPA _bspa _dMx-PuUPA _erda |
||
| 041 | 0 | _aspa | |
| 100 | 1 |
_aEstupiñán Gaitán, Rodrigo, _eautor _914343 |
|
| 245 | 1 | 0 |
_aAdministración de riesgos E.R.M. y la auditoría interna / _cRodrigo Estupiñán Gaitán |
| 250 | _a2a. ed. | ||
| 264 | 1 |
_aBogotá, Colombia : _bEcoe ediciones, _c2014 |
|
| 300 |
_a481 páginas : _bilustraciones ; _c24 cm |
||
| 336 |
_2rdacontent _atexto _btxt |
||
| 337 |
_2rdamedia _asin medio _bn |
||
| 338 |
_2rdacarrier _avolumen _bnc |
||
| 490 | 0 | _aColección Ciencias Empresariales | |
| 500 | _aReimpresiones: (Bogotá, abril de 2017 ; Bogotá, enero de 2018 ; México, enero de 2018) | ||
| 650 | 7 |
_2armarc _aAuditoría Interna |
|
| 650 | 7 |
_2armarc _aAdministración de riesgos |
|
| 650 | 7 |
_2armarc _aAdministración financiera |
|
| 942 |
_2ddc _cLI _h657.458 _iE75 |
||
| 999 |
_c30117 _d30117 |
||